Análisis económico y laboral del sector construcción

Bibliographic Details
Main Author: Conocer
Format: Section = Libro
Language:Undetermined
Spanish
Published: México Limusa/Noriega 2000
Subjects:
LEADER 00593nam a2200217Ia 4500
008 240830s9999 xx 000 0 und d
020 |a 968-18-6091-8 
040 |a B-ESTELÍ- RUACS / 330 C753 
041 |a spa 
082 |a 330 C753 
100 1 |a Conocer 
245 1 0 |a Análisis económico y laboral del sector construcción 
260 |a México  |b Limusa/Noriega  |c 2000 
300 |a 97 p:il 
650 7 |a PRODUCCION - EMPRESAS 
650 7 |b  EMPLEO - TRABAJADORES 
650 7 |c  CATEGORIAS - OCUPACIONALES 
650 7 |d  RECURSOS HUMANOS. 
942 |c BK  |2 ddc 
991 |a TEXTO 
999 |c 10718